PlaneSpotting 2022 - Statistics

General Stats
  • This quiz has been taken 371 times
  • The average score is 10 of 14
Answer Stats
Picture Answer % Correct
A320
90%
A380
88%
B737
85%
B747
79%
A330
78%
B787
78%
B777
75%
A350
74%
A319
68%
A220
60%
A321
60%
B757
60%
ATR72
57%
B767
56%
No matching quizzes found
Score Distribution
Percent of People with Each Score
Percentile by Number Answered
Your Score History
You have not taken this quiz